LEADER 01389nas a2200277 i 4500 001 000000229667 003 CaOOAMICUS 005 20150316000000.0 008 140514b2014 be uu u0 0fre r 013 $a208569 040 $aSeMil$bita 245 10$a2014. 260 $aLouvain-la-Neuve :$bÉd. de l'Institut Supérieur de Philosophie,$c2014. 300 $a808 p. ;$c24 cm + [2] allegati ;$c42x30 cm. 500 $aIn Allegato : Poster illustrativi. - A piè del front. : Publiée avec le concours de la Fondation Universitaire Belge. - Articoli con sintesi in francese [Résumé] e in inglese [Abstract] in coda. 774 0 $t[SENZA TITOLO].$w()281049 774 0 $tPhilosophie et son langage dans la philosophie allemande de Herder à Hegel. - Titolo principale dalla copertina.$w()281310 774 0 $tRemonter le courant d'"Être et temps". - Titolo principale dalla copertina.$w()281786 774 0 $t125. anniversaire de l'Institut supérieur de philosophie.$w()281787 774 0 $tDistinguished Lecture.$w()281788 774 0 $t[SENZA TITOLO].$w()284424 850 $aSeMil 852 $aSeMil$W1$xVenegono$y1$m18 8 31$j180013$B180013$CSeMilBibl$Z2$F200886 $85 961 $aAbbonamento: Peeters 996 $6245$a2014$9(OLS)http://semarc/title/322994 996 $6260$aLouvain-la-Neuve :$bÉd. de l'Institut Supérieur de Philosophie$9(OLS)http://semarc/publisher/33108 LEADER 01513nam a2200301 i 4500 001 000000363928 003 CaOOAMICUS 005 20251023124722.0 008 250820s2025 gw a m u000 u ger u 020 $a978-3-525-56099-0 040 $aSeMil$bita 041 0 $ager 100 1 $aPriesemuth, Annemarie.$0(OLS)http://semarc/name/122602 245 14$aDer ein unzugängliches Licht bewohnt :$bdie Rede von Gott im 1. Timotheusbrief /$cAnnemarie Priesemuth. 264 1$aGöttingen :$bVandenhoeck & Ruprecht,$c2025. 300 $a769 p. ;$c24 cm 490 1 $aWissenschaftliche Monographien zum Alten und Neuen Testament ;$v180 502 $aTesi, Christian-Albrechts-Universität zu Kiel, 2024 504 $aBibliographie, p. [715]-749 650 4$aBibbia. Nuovo Testamento. Lettere a Timoteo - Commentari, studi, critica, interpretazioni.$0(OLS)http://semarc/subject/12035 650 4$aDio - Rappresentazione.$0(OLS)http://semarc/subject/52430 830 0$aWissenschaftliche Monographien zum Alten und Neuen Testament ;$v180.$0(OLS)http://semarc/title/114 850 $aSeMil 852 $aSeMil$W1$xVenegono$y1$m2XA T 180$j260696$B254787$CSeMilBibl$Z2$F254787 $81 996 $6020$a978-3-525-56099-0$9(OLS)http://semarc/number/303911 996 $6245$aDer ein unzugängliches Licht bewohnt :$bdie Rede von Gott im 1. Timotheusbrief$9(OLS)http://semarc/title/455290 996 $6264$aGöttingen :$bVandenhoeck & Ruprecht$9(OLS)http://semarc/publisher/29697